| 000 | 00734nam a22002177a 4500 | ||
|---|---|---|---|
| 005 | 20240530110919.0 | ||
| 008 | 220221s2007 ua a g b 000 0 ara d | ||
| 017 | _a2007/16014 | ||
| 020 | _a9771439502 | ||
| 040 |
_aEG-CaGPL _cEG-CaGPL |
||
| 082 | 0 | 4 |
_221 _a333.8232\ _bح ب |
| 100 | 0 | _aحاتم الرفاعى | |
| 245 | 1 | 2 |
_aالبترول : _bذروة الانتاج وتداعيات الانحدار / _cتاليف حاتم الرفاعى |
| 250 | _aط.1 | ||
| 260 |
_aالقاهرة : _bنهضة مصر للطباعة والنشر والتوزيع، _c2008 |
||
| 300 |
_a203 ص؛ _c24 سم |
||
| 650 | 0 | 7 |
_aالبترول _2qrmak |
| 651 | _2qrmak | ||
| 942 |
_2ddc _cBK |
||
| 999 |
_c66446 _d66446 |
||